Двухфазные потоки. Теплообмен и гидродинамика: сборник научных трудов

מידע ביבליוגרפי
מחבר תאגידי: Академия Наук СССР
מחברים אחרים: Фирсова Э. В. (редактор)
שפה:רוסית
יצא לאור: Ленинград, Наука, 1987
נושאים:
פורמט: ספר
KOHA link:https://koha.lib.tpu.ru/cgi-bin/koha/opac-detail.pl?biblionumber=83001

MARC

LEADER 00000nam0a2200000 4500
001 83001
005 20231031095936.0
035 |a (RuTPU)RU\TPU\book\89196 
090 |a 83001 
100 |a 20051010d1987 k y0rusy50 ca 
101 0 |a rus 
102 |a RU 
105 |a a z 001zy 
200 1 |a Двухфазные потоки. Теплообмен и гидродинамика  |e сборник научных трудов  |f Академия Наук СССР; под ред. Э. В. Фирсова 
210 |a Ленинград  |c Наука  |d 1987 
215 |a 283 с.  |c ил. 
320 |a Библиогр. в конце статей 
610 1 |a физика 
610 1 |a двухфазные потоки 
610 1 |a теплообмен 
610 1 |a гидродинамика 
610 1 |a сборники 
675 |a 532.52  |v 3 
702 1 |a Фирсова  |b Э. В.  |4 340 
712 0 2 |a Академия Наук СССР  |2 stltpush  |3 (RuTPU)RU\TPU\col\722 
801 1 |a RU  |b 63413507  |c 20051010  |g PSBO 
801 2 |a RU  |b 63413507  |c 20140423  |g PSBO 
942 |c BK